000 01803nam0a2200313 4500
001 RU\NLR\BIBL_A\010816171
005 20150821152508.0
010 _a978-5-86465-667-9
_9100
035 _a(NLR Aleph) 010816171
090 _a10224954
_c10224954
100 _a20150813d2015 km y0rusy50 ca
101 0 _arus
102 _aRU
105 _aach|z|||000zy
200 1 _aС.Ф. Платонов и Самара: история и память
_eматериалы и исследования
_fП.С. Кабытов, Э.Л. Дубман
_gнауч. ред.: проф. П.С. Кабытов
_gМ-во образования и науки Рос. Федерации, Федер. гос. бюджет. образоват. учреждение высш. проф. образования "Самар. гос. ун-т", Рос. акад. наук, Ин-т рос. истории, Поволж. фил.
210 _aСамара
_cСамарский университет
_d2015
215 _a89 с.
_cил., портр., факс.
_d21
300 _aВ вып. дан. 2-й авт.: Дубман Эдуард Лейбович
320 _aБиблиогр. в подстроч. примеч.
600 1 _aПлатов
_bФ.Ф.
_gФедор Федорович
_f1895 - 1967
_2nlr_sh1
_3RU\NLR\AUTH\66588501
686 1 _aТ1(2)71-8
700 1 _aКабытов
_bП. С.
_f1941-
_gПетр Серафимович
_3RU\NLR\AUTH\776166
701 1 _aДубман
_bЭ. Л.
_f1950-
_gЭдуард Львович
_3RU\NLR\AUTH\7723667
702 1 _aПлатонов
_bС. Ф.
_f1860-1933
_gСергей Федорович
_3RU\NLR\AUTH\772730
942 _cBOOK
980 _aNBR
980 _aNB